El recurso de apelación y la consulta

Guardat en:
Dades bibliogràfiques
Autor principal: Piedrabuena Richard, Guillermo (Autor)
Format: Llibre
Idioma:espanyol
Publicat: Santiago Jurídica de Chile 1999
Matèries:
Etiquetes: Afegir etiqueta
Sense etiquetes, Sigues el primer a etiquetar aquest registre!

MARC

LEADER 00000cam a2200000 a 4500
001 UCP6974
003 CL-VaPUC
008 991126e19990000CL |||||||||||||||||spa|d
082 0 4 |a 347.08  |b PIE  |2 21 
100 0 |a Piedrabuena Richard, Guillermo  |e author  |9 436320 
245 1 3 |a El recurso de apelación y la consulta 
300 |a 474 p 
942 |c BK 
945 |d 19991126 00:00:00  |a vberengu 
260 |a Santiago  |b Jurídica de Chile  |c 1999 
650 0 |a Adhesión a la apelación  |9 436321 
650 0 |a Recurso de apelación  |9 380716 
650 7 |a RECURSO DE APELACION CHILE  |2 CL-VaPUC  |9 436322 
583 |a last modification  |c 20181003 05:44:41  |k Rodrigo Vera 
999 |c 284346  |d 284344 
952 |0 0  |1 0  |4 0  |6 347_080000000000000_PIE_1999  |7 0  |8 A  |9 328248  |a BIBDER  |b BIBDER  |d 2019-11-20  |i 3583791  |o 347.08 PIE 1999  |p 3583791  |r 2023-01-25  |w 2019-11-20  |y BK  |k DER 
952 |0 0  |1 0  |3 erb  |4 0  |6 347_080000000000000_PIE_1999  |7 0  |8 A  |9 328249  |a BIBDER  |b BIBDER  |e Mateluna Arestizabal, Alfredo Sergio  |i 5489598  |o 347.08 PIE 1999  |p 5489598  |r 2023-01-25  |w 2019-11-20  |y BK  |z Catalogado en:20181005  |k DER